Mạnh Tử
Hoàn cảnh lịch sử và đời sống hoạt động chính trị của Mạnh Tử. Tư tưởng triết học, chính trị, kinh tế xã hội của Mạnh Tử. Quan điểm về tính thiển, về sự tồn tâm, rèn luyện dưỡng khí, luyện khí của Mạnh tử. Tư cách và tài năng của ông...
Đã lưu trong:
| 主要作者: | |
|---|---|
| 格式: | 图书 |
| 语言: | Vietnamese |
| 出版: |
H.
Văn hóa
1996
|
| 主题: | |
| 标签: |
添加标签
没有标签, 成为第一个标记此记录!
|
| Thư viện lưu trữ: | Mạng thư viện Đại học Đà Nẵng |
|---|
| LEADER | 01166nam a2200337 4500 | ||
|---|---|---|---|
| 001 | 000006905 | ||
| 003 | 3065 | ||
| 005 | 20110923080913.0 | ||
| 008 | 110923s1996 viesd | ||
| 020 | |c 17000đ | ||
| 041 | 0 | |a vie | |
| 082 | |a 181.11 |b NG-L | ||
| 100 | 0 | |a Nguyễn Hiến Lê | |
| 245 | 0 | |a Mạnh Tử |c Nguyễn Hiến Lê | |
| 260 | |a H. |b Văn hóa |c 1996 | ||
| 300 | |a 215 tr |c 19 cm | ||
| 520 | |a Hoàn cảnh lịch sử và đời sống hoạt động chính trị của Mạnh Tử. Tư tưởng triết học, chính trị, kinh tế xã hội của Mạnh Tử. Quan điểm về tính thiển, về sự tồn tâm, rèn luyện dưỡng khí, luyện khí của Mạnh tử. Tư cách và tài năng của ông | ||
| 653 | |a Trung Quốc | ||
| 653 | |a Khổng giáo | ||
| 653 | |a Mạnh tử | ||
| 653 | |a Lịch sử triết học | ||
| 700 | |a Nguyễn Hiến Lê | ||
| 910 | |a Nguyễn Thị Kim Oanh |d 23/09/2011 | ||
| OWN | |a LSP | ||
| 999 | |a From the UDN01 | ||
| TYP | |a Monograph | ||
| TYP | |a Printed language | ||
| 980 | |a Mạng thư viện Đại học Đà Nẵng | ||